| 000 | 00473nam a2200169Ia 4500 | ||
|---|---|---|---|
| 999 |
_c14135 _d14135 |
||
| 003 | OSt | ||
| 005 | 20201028133028.0 | ||
| 008 | 190216s9999||||xx |||||||||||||| ||und|| | ||
| 040 | _coclc | ||
| 082 |
_a813.4 _bJAM/A |
||
| 100 |
_aJames, Henry _95755 |
||
| 245 | 0 |
_aThe Ambassadors / _cHenry James |
|
| 260 |
_bSurjeet Publications, _c1993. _aNew Delhi: |
||
| 300 | _a370p | ||
| 650 | _aEnglish Novel | ||
| 942 |
_cBK _2ddc _h813.4 _iJAM/A _k813.4 _mJAM/A |
||